Costa Rica: de voto en voto se llega al poder /

Збережено в:
Бібліографічні деталі
Автор: Carrión, Marlon
Формат: Текст
Предмети:
Теги: Додати тег
Немає тегів, Будьте першим, хто поставить тег для цього запису!

MARC

LEADER 00000 a a2200000 04500
001 710
003
040
100 |a Carrión, Marlon  
245 |a Costa Rica:   |b de voto en voto se llega al poder /  |c Marlon Carrión 
650 |a ELECCIONES  
650 |a PARTIDOS POLITICOS  
650 |a IDEOLOGIAS POLITICAS  
650 |a MEDIOS DE COMUNICACION DE MASAS  
773 |g número 344; páginas 9, 19  
999 |c 29751  |d 29751